000
002280000a22000970004500
100
1
_a
Martini, Romeu Ruben
245
1
0
_a
Crianças e Ceia do Senhor
300
_a
Num. 5 (Agosto, 2001), Páginas 6-7
773
0
_t
TEAR
942
_c
ANA
999
_c
55795
_d
55795